Tổ chức hoạt động trải nghiệm làng nghề làm thớt Định An Lấp Vò Đồng Tháp qua môn Địa lý cho học sinh lớp 12 Tiểu luận tốt nghiệp chuyên ngành Sư phạm Địa lý

Enregistré dans:
Détails bibliographiques
Auteur principal: Nguyễn, Phạm Kim Loan
Autres auteurs: Nguyễn, Thị Thanh Vân (Hướng dẫn)
Format: Kit Livre
Langue:Vietnamese
Publié: Đồng Tháp Đại học Đồng Tháp 2020
Sujets:
Tags: Ajouter un tag
Pas de tags, Soyez le premier à ajouter un tag!
Thư viện lưu trữ: Trung tâm Học liệu Lê Vũ Hùng, Trường Đại học Đồng Tháp
LEADER 01284npm a22002778a 4500
001 00045637
008 190708s2019####-vm#################vie|d
005 20200811160849.0
041 0 # |a vie 
082 1 4 |b T450CH  |a 910.71 
100 0 # |a Nguyễn, Phạm Kim Loan 
245 0 0 |a Tổ chức hoạt động trải nghiệm làng nghề làm thớt Định An Lấp Vò Đồng Tháp qua môn Địa lý cho học sinh lớp 12  |b Tiểu luận tốt nghiệp chuyên ngành Sư phạm Địa lý  |c Nguyễn Phạm Kim Loan; Nguyễn Thị Thanh Vân (hướng dẫn) 
260 # # |a Đồng Tháp  |b Đại học Đồng Tháp  |c 2020 
300 # # |a 38 tr.  |b hình ảnh  |c 29 cm. 
500 # # |a ĐTTS ghi: Trường Đại học Đồng Tháp. Khoa Sư phạm Sử - Địa và GDCT. Bộ môn Địa lý 
653 # # |a Làng nghề 
653 # # |a Đồng Tháp 
653 # # |a Địa lý 12 
653 # # |a Thớt Định An 
653 # # |a Tiểu luận tốt nghiệp 
653 # # |a Trải nghiệm 
700 0 # |a Nguyễn, Thị Thanh Vân  |e Hướng dẫn 
852 # # |j TL.0000036 
910 0 # |d 20/7/2020 
980 # # |a Trung tâm Học liệu Lê Vũ Hùng, Trường Đại học Đồng Tháp